Nursing 2013 drug handbook / (Record no. 282714)
[ view plain ]
| 000 -LEADER | |
|---|---|
| fixed length control field | 02937cam a2200361Ia 4500 |
| 001 - CONTROL NUMBER | |
| control field | MEB027059 |
| 003 - CONTROL NUMBER IDENTIFIER | |
| control field | OCoLC |
| 005 - DATE AND TIME OF LATEST TRANSACTION | |
| control field | 20150217162532.0 |
| 008 - FIXED-LENGTH DATA ELEMENTS--GENERAL INFORMATION | |
| fixed length control field | 120605s2012 paua 001 0 eng d |
| 020 ## - INTERNATIONAL STANDARD BOOK NUMBER | |
| International Standard Book Number | 9781451150230 |
| 035 ## - SYSTEM CONTROL NUMBER | |
| System control number | (OCoLC)794778017 |
| Canceled/invalid control number | (OCoLC)759908077 |
| -- | (OCoLC)798817411 |
| 040 ## - CATALOGING SOURCE | |
| Original cataloging agency | NBO |
| Transcribing agency | NBO |
| Modifying agency | BTCTA |
| -- | BDX |
| -- | S4S |
| -- | TEF |
| 050 #4 - LIBRARY OF CONGRESS CALL NUMBER | |
| Classification number | RM 125 |
| Item number | .N938 2013 |
| 245 00 - TITLE STATEMENT | |
| Title | Nursing 2013 drug handbook / |
| 246 30 - VARYING FORM OF TITLE | |
| Title proper/short title | Drug handbook. |
| 246 3# - VARYING FORM OF TITLE | |
| Title proper/short title | Nursing drug handbook. |
| 250 ## - EDITION STATEMENT | |
| Edition statement | 33rd ed. |
| 260 ## - PUBLICATION, DISTRIBUTION, ETC. (IMPRINT) | |
| Place of publication, distribution, etc | Philadelphia, Pa. : |
| Name of publisher, distributor, etc | Wolters Kluwer Health/Lippincott Williams & Wilkins, |
| Date of publication, distribution, etc | 2013. |
| 300 ## - PHYSICAL DESCRIPTION | |
| Extent | x, 1556 p., 32 p. of plates : |
| Other physical details | col. ill. ; |
| Dimensions | 21 cm. |
| 500 ## - GENERAL NOTE | |
| General note | "#1 nursing drug guide" -- From cover. |
| 500 ## - GENERAL NOTE | |
| General note | Includes index. |
| 505 2# - FORMATTED CONTENTS NOTE | |
| Formatted contents note | How to use Nursing2012 Drug Handbook -- Quick guide to special symbols, logos, and highlighted terms -- Guide to abbreviations -- General information -- 1. Drug actions, interactions, and reactions -- 2. Drug therapy across the lifespan -- 3. Safe drug administration -- 4. Selected drug classifications -- Alphabetical listing of drugs by generic name -- Appendices -- Pregnancy risk categories -- Controlled substance schedules -- Quick guide to combination drugs -- Common combination drugs: indications and dosages -- Vaccines and toxoids: indications and dosages -- Vitamins and minerals: indications and dosages -- Therapeutic drug monitoring guidelines -- Cytochrome P-450 enzymes and common drug interactions -- Drugs that prolong the QTc interval -- Dialyzable drugs -- Abbreviations to avoid -- Herbal supplements -- Drugs that shouldn't be crushed or chewed -- Avoiding common drug errors: best practices and prevention -- Pediatric drugs commonly involved in drug errors -- Elder care medication tips -- Additional new drugs: indications and dosages. |
| 520 ## - SUMMARY, ETC. | |
| Summary, etc | New features include: generic drugs arranged A to Z; over 3,000 clinical updates, including dosages, warnings, new indications, adverse reactions, and nursing considerations; monographs featuring over 960 generic drugs, including 9 new FDA approvals; updated therapeutic classes throughout; prominently displayed safety information, including tall man letters, black box warnings, clinical alerts, I.V. administration guidelines, overdose signs and symptoms; 3 new safety-related appendices highlighting best practices to avoid drug errors, pediatric drugs involved in drug errors, and elder care medication tips; and expanded photoguide showing nearly 400 actual-size pills. |
| 650 #0 - SUBJECT ADDED ENTRY--TOPICAL TERM | |
| Topical term or geographic name as entry element | Drugs |
| Form subdivision | Handbooks, manuals, etc. |
| 650 #0 - SUBJECT ADDED ENTRY--TOPICAL TERM | |
| Topical term or geographic name as entry element | Pharmacology |
| Form subdivision | Handbooks, manuals, etc. |
| 650 #0 - SUBJECT ADDED ENTRY--TOPICAL TERM | |
| Topical term or geographic name as entry element | Nursing |
| Form subdivision | Handbooks, manuals, etc. |
| 650 12 - SUBJECT ADDED ENTRY--TOPICAL TERM | |
| Topical term or geographic name as entry element | Drug Therapy |
| General subdivision | Nursing |
| Form subdivision | Handbooks. |
| 650 22 - SUBJECT ADDED ENTRY--TOPICAL TERM | |
| Topical term or geographic name as entry element | Pharmacology |
| Form subdivision | Handbooks. |
| 710 2# - ADDED ENTRY--CORPORATE NAME | |
| Corporate name or jurisdiction name as entry element | Lippincott Williams & Wilkins. |
| 710 2# - ADDED ENTRY--CORPORATE NAME | |
| Corporate name or jurisdiction name as entry element | Wolters Kluwer Health. |
| 740 3# - ADDED ENTRY--UNCONTROLLED RELATED/ANALYTICAL TITLE | |
| Uncontrolled related/analytical title | Nursing two thousand thirteen drug handbook. |
| 942 ## - ADDED ENTRY ELEMENTS (KOHA) | |
| Source of classification or shelving scheme | Library of Congress Classification |
| Koha item type | Books |
| Withdrawn status | Lost status | Source of classification or shelving scheme | Damaged status | Home library | Current library | Shelving location | Date acquired | Source of acquisition | Sub Shelving location | Total Checkouts | Total Renewals | Full call number | Barcode | Date last seen | Date checked out | Price effective from | Koha item type |
|---|---|---|---|---|---|---|---|---|---|---|---|---|---|---|---|---|---|
| Library of Congress Classification | College Library | College Library | Reserve Section | 02/17/2015 | Library Fund | 4 | 5 | RM 125 .N938 2013 | C19200 | 01/16/2024 | 01/09/2024 | 02/17/2015 | Books |